[Event "45th Olympiad 2024"]
[Site "Budapest HUN"]
[Date "2024.09.18"]
[Round "7.48"]
[Board "3"]
[White "Levitan, Caleb Levi"]
[Black "Vaz, Jose Carlos"]
[Result "1-0"]
[WhiteElo "2193"]
[BlackElo "1909"]
[PlyCount "138"]
[EventDate "2024.09.11"]
[WhiteTeam "South Africa"]
[BlackTeam "Cape Verde"]
[WhiteTeamCountry "RSA"]

1. e4 c5 2. Nf3 Nc6 3. Nc3 e6 4. d4 cxd4 5. Nxd4 Nf6 6. a3 Be7 7. Be3 a6 8. Be2 O-O 9. O-O d5 10. exd5 Nxd5 11. Nxd5 exd5 12. Qd2 Ne5 13. Bf4 $146 ({RR} 13. b3 Bf6 14. Rad1 Qe7 15. a4 Rd8 16. Rfe1 Nc6 17. Bf3 Nxd4 18. Bxd4 Be6 19. Re2 Rac8 20. Qf4 b5 21. axb5 axb5 22. Bxf6 Qxf6 23. Qxf6 gxf6 24. Red2 Rc5 25. Be4 f5 26. Bd3 b4 27. f4 Kg7 {0-1 Hemdorff,D (1653)-Taksrud,V (1944) Ronne Jubilaum 2001 (2)}) 13... Nc4 14. Qc3 Bd6 15. Bxd6 Nxd6 16. Bf3 Ne4 17. Qd3 Ng5 18. Rad1 Qd6 19. Rfe1 Bd7 20. h4 Nxf3+ 21. Nxf3 Bc6 22. Ng5 g6 23. Qd4 Qd8 24. Re3 h6 25. Nf3 Re8 26. Ne5 h5 27. Rde1 Re6 28. Qf4 Be8 29. Nxf7 Rxe3 30. Nh6+ Kg7 31. Rxe3 Rc8 32. Rg3 Qf6 33. Nf5+ Kg8 34. Qf3 Kh7 35. Ne3 Qxf3 36. Rxf3 d4 37. Nd1 Bb5 38. Rf4 Rd8 39. f3 d3 40. cxd3 Rxd3 41. Nc3 Bc6 42. Rf7+ Kg8 43. Re7 Kf8 44. Re2 Rd4 45. Ne4 Bb5 46. Rd2 Rc4 47. Kf2 Bc6 48. Ke3 Ke7 49. g3 Rc1 50. Kf4 Rf1 51. Re2 Kf8 52. Re3 Rc1 53. b4 Kg7 54. Ke5 Rd1 55. Kf4 Rd4 56. Rc3 Rd1 57. Nc5 Rd6 58. Ke5 Rf6 59. Ne6+ Kf7 60. Nd8+ Ke7 61. Nxc6+ bxc6 62. Kd4 Kd6 63. f4 Re6 64. Re3 Rxe3 65. Kxe3 Kd5 66. f5 gxf5 67. Kf4 a5 68. bxa5 c5 69. a6 Kc6 1-0

[Event "45th Olympiad 2024"]
[Site "Budapest HUN"]
[Date "2024.09.18"]
[Round "7.48"]
[Board "4"]
[White "Barros, Luis"]
[Black "Mhango, Banele"]
[Result "0-1"]
[WhiteElo "1814"]
[BlackElo "2261"]
[PlyCount "80"]
[EventDate "2024.09.11"]
[WhiteTeam "Cape Verde"]
[BlackTeam "South Africa"]
[BlackTeamCountry "RSA"]

1. e4 e5 2. Nf3 Nc6 3. d4 exd4 4. Nxd4 Qh4 5. Nc3 Bb4 6. Ndb5 Ba5 7. Bc4 ({RR} 7. Be3 a6 8. Nd4 Qxe4 9. Nb3 Bxc3+ 10. bxc3 Nf6 11. Qd2 d6 12. O-O-O O-O 13. Bd3 Qa4 14. Kb2 Be6 15. f3 Ne5 16. Rhe1 Rfe8 17. Bd4 Nfd7 18. f4 Nc4+ 19. Bxc4 Qxc4 20. Qf2 f6 21. Qf3 a5 {0-1 Kosakowski,J (2486)-Duda,J (2732) chess.com Speed Poland 2024 (3.18)}) 7... Qxe4+ $146 ({RR} 7... a6 8. Qf3 Nf6 9. Nxc7+ Bxc7 10. a3 O-O 11. Be2 Re8 12. Bd3 d5 13. g3 Qh3 14. Bf1 dxe4 15. Qe3 Qf5 16. Bg2 Ne5 17. Nxe4 Nxe4 18. Bxe4 Nf3+ 19. Ke2 Rxe4 {0-1 Pilipaviciute,A-Kirillov,D (1707) Panevezys op-B 24th 2011 (1)}) 8. Qe2 Qxe2+ 9. Kxe2 a6 10. Na3 b5 11. Ncxb5 axb5 12. Nxb5 Nf6 13. Bf4 Ba6 14. a4 O-O 15. Rhd1 Rfe8+ 16. Kf1 Re4 17. Bxc7 Rxc4 18. Bxa5 Nxa5 19. c3 Rxa4 20. c4 Rxa1 21. Rxa1 Bxb5 22. cxb5 Nd5 23. b6 Nxb6 24. Ke2 Nac4 25. Rb1 Ra2 26. Kd3 Rxb2 27. Re1 g5 28. f3 Rxg2 29. Ke4 Rd2 30. Kf5 h6 31. h4 Kg7 32. hxg5 Rd5+ 33. Kg4 Ne5+ 34. Kg3 hxg5 35. Rh1 Rd3 36. Kg2 Rd2+ 37. Kg3 f5 38. Rg1 Nd5 39. f4 Nxf4 40. Rh1 Rg2# 0-1

[Event "45th Olympiad 2024"]
[Site "Budapest HUN"]
[Date "2024.09.18"]
[Round "7.49"]
[Board "1"]
[White "Arab, Adlane"]
[Black "Michaelides, Konstantinos"]
[Result "1-0"]
[WhiteElo "2477"]
[BlackElo "2297"]
[PlyCount "105"]
[EventDate "2024.09.11"]
[WhiteTeam "Algeria"]
[BlackTeam "Cyprus"]
[WhiteTeamCountry "ALG"]
[BlackTeamCountry "CYP"]

1. d4 Nf6 2. c4 e6 3. Nf3 Bb4+ 4. Bd2 Qe7 5. g3 Nc6 6. Nc3 Bxc3 7. Bxc3 Ne4 8. Rc1 O-O 9. Bg2 d6 10. d5 Nd8 11. O-O f5 12. Nd2 Nxc3 13. Rxc3 e5 14. c5 Nf7 15. cxd6 cxd6 16. Qb3 b6 17. Qa3 Bb7 18. Rfc1 Rfc8 19. e4 Rxc3 20. Rxc3 fxe4 21. Nxe4 $146 ({RR} 21. Bxe4 Qd8 22. h4 b5 23. Qb3 Qb6 24. Qc2 h6 25. b4 Qd8 26. Qd3 Rc8 27. Rxc8 Qxc8 28. Qxb5 g5 29. Qc4 Kf8 30. Qxc8+ Bxc8 31. Nc4 Ke7 32. Na5 Nd8 33. Kg2 gxh4 34. gxh4 Bd7 35. Kf3 Kf6 {1-0 Spirin,O (2462)-House,G (2174) Teplice op 5th 2010 (2)}) 21... Kh8 22. Qb3 Rc8 23. Rxc8+ Bxc8 24. Qc4 Bb7 25. Bh3 h6 26. Bf5 Ng5 27. Nxg5 Qxg5 28. Be6 Qd8 29. h4 g6 30. b4 h5 31. b5 Kg7 32. Qc3 Kh6 33. Qa3 Qb8 34. Qe3+ Kg7 35. Qg5 Qf8 36. Qc1 Qd8 37. a4 Qe7 38. Qc3 a5 39. Qe3 Qd8 40. Kh2 Kh7 41. Qc3 Kh6 42. Kh3 Kh7 43. f4 exf4 44. gxf4 Qh8 45. Qf3 Qf6 46. f5 Kg7 47. Qd3 Qa1 48. Qe3 Qf6 49. Qf3 Kf8 50. Qg3 Qa1 51. Qxd6+ Kg7 52. Qe7+ Kh6 53. Qg5+ 1-0

[Event "45th Olympiad 2024"]
[Site "Budapest HUN"]
[Date "2024.09.18"]
[Round "7.49"]
[Board "2"]
[White "Isaakidis, Alexandros"]
[Black "Djabri, Massinas"]
[Result "1-0"]
[WhiteElo "2155"]
[BlackElo "2280"]
[PlyCount "79"]
[EventDate "2024.09.11"]
[WhiteTeam "Cyprus"]
[BlackTeam "Algeria"]
[WhiteTeamCountry "CYP"]
[BlackTeamCountry "ALG"]

1. e4 c5 2. Nf3 d6 3. Nc3 Nf6 4. e5 dxe5 5. Nxe5 Nbd7 6. d4 e6 7. Bb5 a6 8. Bxd7+ Nxd7 9. Qf3 ({RR} 9. Qh5 g6 10. Qf3 Qf6 11. Qxf6 Nxf6 12. Bg5 Nd5 13. Nxd5 exd5 14. Bf6 Rg8 15. O-O-O Be6 16. Rhe1 Rc8 17. dxc5 Bxc5 18. Nd3 Bd6 19. Ne5 Bxe5 20. Bxe5 Kd7 21. Re3 h5 22. h4 Rc4 23. Bd4 Rgc8 {1-0 Mamedov,R (2678)-Swiercz,D (2636) Atlantic City Millionaire playoff1 rapid 2016 (1.1)}) ({RR} 9. Qh5 Nxe5 10. dxe5 Bd7 11. Bg5 Qc7 12. O-O-O Bc6 13. Rhe1 h6 14. Bh4 g6 15. Qg4 g5 16. Bg3 Be7 17. Qh5 Rd8 18. h4 Rxd1+ 19. Rxd1 gxh4 20. Bxh4 Bxh4 21. Qxh4 Qe7 22. Qh2 Qg5+ 23. f4 Qg4 {1-0 Christiansen,J (2655)-McCoy,O (2085) Titled Tue 4th Jun Early 2024 (7)}) 9... Qf6 10. Bf4 Qf5 $146 ({RR} 10... g5 11. Bxg5 Qxf3 12. Nxf3 cxd4 13. Ne4 Bb4+ 14. c3 dxc3 15. O-O-O cxb2+ 16. Kxb2 Be7 17. Nd6+ Bxd6 18. Rxd6 h6 19. Bh4 O-O 20. Rhd1 f6 21. Rxd7 Bxd7 22. Rxd7 e5 23. Rd6 Kg7 24. Nd2 Rae8 25. Ne4 {1-0 Grafl,F (2426)-Relange,E (2473) EU-Cup 25th Ohrid 2009 (2.5)}) ({RR} 10... Nxe5 11. dxe5 Qg6 12. O-O-O Be7 13. h4 h5 14. Rh3 Qf5 15. Ne4 O-O 16. Ng3 Qg4 17. Nxh5 Qxf3 18. Rxf3 b5 19. Rg3 g6 20. Bg5 Bxg5+ 21. Rxg5 Bb7 22. Nf6+ Kg7 23. h5 Rad8 24. Rxd8 Rxd8 25. hxg6 {1-0 Sattarov,B (2366)-Novosel,L (2398) Titled Tue 11th Jul Early 2023 (4)}) ({RR} 10... cxd4 11. Ne4 Qf5 12. Nc4 Qd5 13. Ncd6+ Bxd6 14. Nxd6+ Kf8 15. Qxd5 exd5 16. O-O-O Nf6 17. Rxd4 b5 18. Nxc8 Rxc8 19. Be5 Nd7 20. Rxd5 Nb6 21. Rd3 f6 22. Bc7 Na8 23. Ba5 Kf7 24. Rd7+ Kg6 25. Rhd1 {1-0 Efroimski,M (2244)-Uzumcu,A (2048) Albena op-A 2015 (2)}) 11. Ne4 Nxe5 12. dxe5 Bd7 13. O-O-O Bc6 14. Rhe1 Be7 15. Qe3 O-O 16. Nd6 Qg6 17. Qxc5 Rac8 18. Rd2 Ba4 19. Qxc8 Rxc8 20. Nxc8 Kf8 21. Nxe7 Kxe7 22. f3 Qf5 23. Bg3 g5 24. Bf2 f6 25. exf6+ Qxf6 26. Bd4 Qf5 27. Rde2 Bd7 28. Kb1 h6 29. h3 Kf7 30. b3 Qd5 31. Re4 Qf5 32. h4 Kg6 33. hxg5 hxg5 34. Rg4 Kf7 35. Re5 Qh7 36. Rexg5 Qh1+ 37. Kb2 e5 38. Rg7+ Kf6 39. R4g6+ Kf5 40. Be3 1-0

[Event "45th Olympiad 2024"]
[Site "Budapest HUN"]
[Date "2024.09.18"]
[Round "7.49"]
[Board "3"]
[White "Brahami, Lamine"]
[Black "Antoniou, Rafail"]
[Result "1/2-1/2"]
[WhiteElo "2188"]
[BlackElo "2007"]
[PlyCount "115"]
[EventDate "2024.09.11"]
[WhiteTeam "Algeria"]
[BlackTeam "Cyprus"]
[WhiteTeamCountry "ALG"]
[BlackTeamCountry "CYP"]

1. d4 Nf6 2. c4 c5 3. d5 b5 4. cxb5 a6 5. b6 Qxb6 6. Nc3 e6 7. e4 exd5 8. exd5 d6 9. Bd3 ({RR} 9. Nf3 Be7 10. Be2 Bg4 11. Nd2 Bxe2 12. Qxe2 O-O 13. O-O Re8 14. Nc4 Qc7 15. Bf4 Nbd7 16. Qf3 Bf8 17. a4 Nb6 18. Ne3 Rab8 19. a5 Nbd7 20. Nc4 Rb4 21. Qd3 Nh5 22. Bd2 Qb7 23. f4 Nhf6 {1-0 Sokolov,I (2550)-Kotronias,V (2510) Olympiad-29 Novi Sad 1990 (4)}) 9... Be7 10. Nf3 O-O 11. Nd2 $146 ({RR} 11. O-O Bb7 12. Re1 Re8 13. Qc2 Nbd7 14. Bg5 h6 15. Bh4 Bf8 16. Bf5 Qc7 17. Rad1 Rxe1+ 18. Nxe1 Re8 19. Nf3 Qb8 20. h3 Be7 21. b3 Nb6 22. Be4 Nxe4 23. Qxe4 Bxh4 24. Qxh4 Qc7 25. Qf4 Qd7 {0-1 Clarke,A (1919)-Javornik,N (2180) Titled Tue 16th Jul Early 2024 (5)}) ({RR} 11. h3 Bb7 12. O-O Nbd7 13. Bg5 Rfe8 14. Re1 Bf8 15. Qd2 g6 16. Bc2 Bg7 17. Ba4 Qc7 18. Rxe8+ Rxe8 19. Rd1 Rb8 20. Qf4 Nh5 21. Qh4 Ne5 22. Ne1 h6 23. Bc1 Bf6 24. Qe4 Bc8 25. g4 Rb4 {½-½ Evstatiev,G (2164)-Slavejkov,A (1696) Teteven op 29th 2014 (1)}) ({RR} 11. O-O Bg4 12. Re1 Re8 13. h3 Bxf3 14. Qxf3 Nbd7 15. Bf4 Bf8 16. b3 g6 17. Bf1 Bg7 18. Rac1 Nh5 19. Rxe8+ Rxe8 20. Na4 Qb8 21. Bxa6 Nxf4 22. Qxf4 Bd4 23. Nc3 Re5 24. Ne4 Nb6 25. Bc4 Qa7 {1-0 Bellon Lopez,J (2445)-Abdelnabbi,I (2370) Bahrain 1990 (9)}) 11... Nbd7 12. Nc4 Qc7 13. O-O Bb7 14. Re1 Rfe8 15. Bf4 Bf8 16. Qf3 Nb6 17. Ne3 c4 18. Bc2 Qc5 19. Red1 Nbd7 20. Nf5 Ne5 21. Qh3 Nd3 22. Bxd3 cxd3 23. Qxd3 Nxd5 24. Nxd5 Bxd5 25. Rac1 Qa5 26. b4 Qxa2 27. Rd2 Qc4 28. Qxc4 Bxc4 29. Nxd6 Bxd6 30. Bxd6 Rac8 31. h4 h5 32. f3 Be6 33. Ra1 Rc6 34. Bc5 Rb8 35. Kf2 Kh7 36. Rd3 Re8 37. Rd4 Bb3 38. Ra3 Be6 39. Ra5 Rb8 40. Ra1 Rb5 41. Rd6 Rxd6 42. Bxd6 Rb6 43. Bc5 Rc6 44. Ke3 Bc4 45. Rc1 Re6+ 46. Kf4 Rf6+ 47. Kg3 Bd5 48. Bd4 Rc6 49. Bc5 Bb3 50. Rc3 Be6 51. Kf4 f6 52. Rc1 Kg6 53. g4 hxg4 54. fxg4 Kf7 55. h5 Rc8 56. Ra1 Bc4 57. Rc1 Be6 58. Ra1 1/2-1/2

[Event "45th Olympiad 2024"]
[Site "Budapest HUN"]
[Date "2024.09.18"]
[Round "7.49"]
[Board "4"]
[White "Savva, Panikos"]
[Black "Boulrens, Ala Eddine"]
[Result "0-1"]
[WhiteElo "1973"]
[BlackElo "2137"]
[PlyCount "98"]
[EventDate "2024.09.11"]
[WhiteTeam "Cyprus"]
[BlackTeam "Algeria"]
[WhiteTeamCountry "CYP"]
[BlackTeamCountry "ALG"]

1. Nf3 Nf6 2. c4 g6 3. Nc3 c5 4. e3 Nc6 5. d4 cxd4 6. exd4 d5 7. cxd5 Nxd5 8. Qb3 Nxc3 9. bxc3 Bg7 10. Be2 O-O 11. O-O Qc7 ({RR} 11... Na5 12. Qb4 Nc6 13. Qa3 Qa5 14. Rb1 Rd8 15. Re1 Qxa3 16. Bxa3 e6 17. Ng5 b6 18. Ne4 Bf8 19. Bxf8 Kxf8 20. Bf3 Bb7 21. Nc5 bxc5 22. Rxb7 Rac8 23. dxc5 Ne7 24. Rb5 Rd2 25. Ra5 Rc2 26. h3 {½-½ Le,Q (2705)-Reshetnikov,A (2508) Moscow Aeroflot rapid KO 2013 (1.2)}) 12. Be3 Be6 $146 ({RR} 12... Na5 13. Qb4 Be6 14. Nd2 Rac8 15. Rfc1 Rfd8 16. Bf3 b6 17. g3 Bd5 18. Bxd5 Rxd5 19. Rab1 Rd7 20. Qb5 Qc6 21. Qe2 Nc4 22. Nxc4 Qxc4 23. Qd2 Qd5 24. a4 Qa5 25. Rb4 e5 26. Rcb1 exd4 27. Bxd4 {0-1 Matsenko,E (1996)-Varriale,L (2142) Terre degli Elimi op 6th 2015 (5)}) ({RR} 12... Na5 13. Qb4 b6 14. c4 Bb7 15. Rac1 e6 16. c5 Bd5 17. Ne5 Qb7 18. f3 Rfc8 19. Rb1 Rab8 20. Qa3 Qe7 21. Ba6 Rd8 22. Rfc1 Nc6 23. Qb2 h5 24. Qf2 Nxe5 25. dxe5 Bxe5 26. cxb6 axb6 27. Bxb6 {0-1 Petukhov,D (2350)-Ponkratov,P (2564) Eastern Economic Forum 2024 (1.3)}) ({RR} 12... b6 13. Rac1 Bb7 14. Rfd1 Rac8 15. c4 e6 16. Bg5 Qb8 17. Qe3 Rfe8 18. Bh6 Bh8 19. h4 Ne7 20. g4 b5 21. Bf4 Qa8 22. Be5 f6 23. Bd6 Kf7 24. Bxe7 Rxe7 25. cxb5 Rec7 26. Rxc7+ Rxc7 27. Qf4 {1-0 Lopes,M (2062)-Vicentin,M (2045) Paulista-chTA 2015 (2.3)}) 13. Qa3 Na5 14. Nd2 Rfd8 15. Rac1 Rac8 16. Rfe1 a6 17. h3 b5 18. Nb3 Nc4 19. Bxc4 Bxc4 20. Bg5 Bf6 21. Bxf6 exf6 22. Qxa6 Qf4 23. Nc5 Ra8 24. Qb6 Rdb8 25. Qc6 Rxa2 26. Qf3 Qxf3 27. gxf3 Rba8 28. Nd7 R8a6 29. Nc5 R6a3 30. Nd7 Kg7 31. Nb6 Be2 32. d5 Rd2 33. Kg2 b4 34. cxb4 Bxf3+ 35. Kg1 Bxd5 36. Nxd5 Rxd5 37. Re3 Rxe3 38. fxe3 Rd3 39. Kf2 Rb3 40. Rc4 f5 41. h4 f6 42. Rc7+ Kh6 43. Rb7 g5 44. h5 Kxh5 45. Rxh7+ Kg4 46. Rf7 Rb2+ 47. Kg1 Kg3 48. Kf1 Kf3 49. Kg1 g4 0-1

[Event "45th Olympiad 2024"]
[Site "Budapest HUN"]
[Date "2024.09.18"]
[Round "7.50"]
[Board "1"]
[White "Mandizha, Farai"]
[Black "Almedina Ortiz, Edgardo J."]
[Result "1-0"]
[WhiteElo "2371"]
[BlackElo "2196"]
[PlyCount "41"]
[EventDate "2024.09.11"]
[WhiteTeam "Zimbabwe"]
[BlackTeam "Puerto Rico"]
[WhiteTeamCountry "ZIM"]
[BlackTeamCountry "PUR"]

1. d4 d5 2. c4 e6 3. Nf3 a6 4. cxd5 exd5 5. Nc3 c6 6. e4 dxe4 7. Ng5 Be7 8. Bc4 Nh6 9. Ngxe4 Nf5 10. d5 O-O 11. O-O Nd6 ({RR} 11... cxd5 12. Nxd5 Nc6 13. Qh5 Be6 14. Nxe7+ Qxe7 15. Ng5 h6 16. Nxe6 fxe6 17. Bd2 Nfd4 18. Rad1 Rf5 19. Qh3 Rd8 20. Be3 b5 21. Bxd4 Nxd4 22. Rxd4 Rxd4 23. Qxf5 Rxc4 24. Qd3 Qc5 25. b3 Rc2 26. a4 {0-1 Aronian,L (2784)-Carlsen,M (2851) Norway Masters blitz 4th 2016 (7)}) ({RR} 11... cxd5 12. Nxd5 Nc6 13. Qh5 g6 14. Qd1 Be6 15. Re1 Bxd5 16. Bxd5 Nb4 17. Bb3 Qxd1 18. Rxd1 Rfd8 19. Bf4 Nd4 20. Bc7 Rd7 21. Bb6 Nbc6 22. Ba4 f5 23. Nc3 Bf6 24. Kf1 Rc8 25. Rd3 Ne5 26. Bxd7 {1-0 Ter Sahakyan,S (2644)-Vetoshko,V (2505) Titled Tue 23rd Apr Early 2024 (3)}) 12. Nxd6 $146 ({RR} 12. Bb3 Nxe4 13. Nxe4 cxd5 14. Bxd5 Nc6 15. Bf4 Bf5 16. Ng3 Bg6 17. a3 Qb6 18. b4 Rad8 19. Qb3 Nd4 20. Qa2 h5 21. h3 h4 22. Ne4 Rxd5 23. Qxd5 Ne2+ 24. Kh1 Nxf4 25. Qe5 Qe6 26. Qxe6 Nxe6 {0-1 Koelle,T (2312)-Stein,R (2344) GER-ch Blitz 2021 (12)}) 12... Bxd6 13. Qh5 cxd5 14. Nxd5 Nc6 15. Bg5 Qa5 16. Rfd1 Ne5 17. Nf6+ gxf6 18. Bxf6 Nf3+ 19. Qxf3 Qf5 20. Rd5 Qxf3 21. Rg5# 1-0

[Event "45th Olympiad 2024"]
[Site "Budapest HUN"]
[Date "2024.09.18"]
[Round "7.50"]
[Board "2"]
[White "Rodriguez Santiago, Jaime"]
[Black "Makoto, Rodwell"]
[Result "0-1"]
[WhiteElo "2002"]
[BlackElo "2311"]
[PlyCount "78"]
[EventDate "2024.09.11"]
[WhiteTeam "Puerto Rico"]
[BlackTeam "Zimbabwe"]
[WhiteTeamCountry "PUR"]
[BlackTeamCountry "ZIM"]

1. d4 Nf6 2. c4 g6 3. Nc3 Bg7 4. e4 d6 5. Nf3 O-O 6. Be2 e5 7. Be3 Nbd7 8. d5 Ng4 9. Bg5 f6 10. Bh4 Nh6 11. h3 g5 12. Bg3 f5 13. Qd2 f4 14. Bh2 a5 $146 ({RR} 14... g4 15. hxg4 Nxg4 16. Bg1 Nc5 17. Qc2 a5 18. O-O-O a4 19. Nh2 Nf6 20. f3 a3 21. b3 Nh5 22. Nf1 Qg5 23. Bxc5 dxc5 24. Nb5 c6 25. dxc6 bxc6 26. Nc3 Qg6 27. Na4 {½-½ Moran Garcia,A (1672)-Marti Blanes,J (1943) Valenciana Comunity op 2011 (4)}) 15. g4 Nc5 16. Qc2 c6 17. Rd1 cxd5 18. Rxd5 Nf7 19. Nb5 Qb6 20. Kf1 Bd7 21. Nc3 Ne6 22. Rd2 Rfc8 23. Kg2 Nd4 24. Nxd4 exd4 25. Nd5 Qd8 26. f3 Be6 27. Bg1 Bxd5 28. exd5 Qb6 29. Bd3 h6 30. Bf5 Rc7 31. Be6 Qb4 32. b3 Qc3 33. Qd1 a4 34. Bf2 axb3 35. axb3 Ra3 36. Rd3 Qb2 37. Rf1 b5 38. cxb5 Rc2 39. Qe1 Re2 0-1

[Event "45th Olympiad 2024"]
[Site "Budapest HUN"]
[Date "2024.09.18"]
[Round "7.50"]
[Board "3"]
[White "Mwadzura, Roy"]
[Black "Boggiano Pereira, Miguel A."]
[Result "1-0"]
[WhiteElo "2229"]
[BlackElo "2015"]
[PlyCount "109"]
[EventDate "2024.09.11"]
[WhiteTeam "Zimbabwe"]
[BlackTeam "Puerto Rico"]
[WhiteTeamCountry "ZIM"]
[BlackTeamCountry "PUR"]

1. e4 c5 2. Nf3 d6 3. c3 Nf6 4. h3 g6 5. Qc2 ({RR} 5. Bb5+ Bd7 6. Bxd7+ Qxd7 7. d3 Bg7 8. O-O O-O 9. Re1 Nc6 10. Nbd2 b5 11. Nf1 b4 12. d4 bxc3 13. bxc3 cxd4 14. cxd4 Rfc8 15. Rb1 d5 16. Ne5 Qe8 17. Nxc6 Qxc6 18. e5 Ne4 19. Bb2 Qc2 {½-½ Savic,M (2587)-Bogosavljevic,B (2580) Belgrade Vucicevic Memorial op 2015 (15)}) 5... Bg7 6. Bc4 ({RR} 6. d4 O-O 7. Bd3 Nc6 8. dxc5 dxc5 9. O-O Qc7 10. Na3 a6 11. Nc4 b5 12. Ne3 Bb7 13. a4 c4 14. Be2 Ne5 15. Nxe5 Qxe5 16. f3 Nh5 17. Ng4 Qc7 18. Be3 Rfd8 19. Rfe1 Nf4 20. Bf1 h5 {0-1 Le Ruyet,L (2229)-Collins,A (2189) Titled Tue 13th Feb Late 2024 (5)}) 6... O-O 7. d3 $146 ({RR} 7. O-O Nc6 8. a3 e6 9. d4 cxd4 10. cxd4 b6 11. Bg5 Qc7 12. Re1 Bb7 13. Nc3 Na5 14. Ba2 Bxe4 15. Rxe4 Nxe4 16. Qxe4 d5 17. Qe3 Nc4 18. Qe2 Nd6 19. Bf4 Qd7 20. Ne5 Qe8 21. Rc1 a6 {1-0 Pawlowski,K-Czorniej,A Warsaw-ch opB 64th 2011 (9)}) ({RR} 7. O-O Nc6 8. d4 cxd4 9. cxd4 Bd7 10. Be3 Nb4 11. Qd2 Nc6 12. Nc3 Na5 13. Bd3 b6 14. Bh6 Qc8 15. Bxg7 Kxg7 16. Rac1 Nc4 17. Qe2 Na5 18. Nd5 Qd8 19. Ne3 Be6 20. b4 Nb7 21. e5 Nd5 {1-0 Ruiz Franco,D (1631)-Doldan Benitez,E Ciudad del Este qual 4th 2017 (1.10)}) ({RR} 7. O-O Nc6 8. Re1 Rb8 9. b3 b5 10. Bf1 Ne8 11. Bb2 e5 12. d3 Nc7 13. Nbd2 Ne6 14. g3 f5 15. exf5 gxf5 16. Bg2 Bd7 17. Rad1 Qf6 18. Nf1 b4 19. Ne3 bxc3 20. Bxc3 Rfc8 21. Qb2 Kh8 {½-½ Jhunjhnuwala,N (2164)-Denk,A (2262) WchT Seniors 50 2018 (5.7)}) 7... d5 8. exd5 Nxd5 9. Qe2 Nc6 10. O-O a6 11. Rd1 b5 12. Bb3 Bb7 13. Be3 Nxe3 14. Qxe3 Rc8 15. Nbd2 Na5 16. Bc2 b4 17. Ne4 bxc3 18. bxc3 Qc7 19. Rac1 Bd5 20. d4 cxd4 21. cxd4 Nc4 22. Qg5 Qd8 23. Bb1 e6 24. Qf4 Qe7 25. Nc3 Bxf3 26. Qxf3 Qa3 27. Ne2 Qxf3 28. gxf3 Bh6 29. f4 Nb6 30. Bd3 Nd5 31. Bxa6 Ra8 32. Bc4 Nxf4 33. Nxf4 Bxf4 34. Rb1 Ra3 35. Bb3 Rd8 36. Kg2 Ra5 37. Rd3 Kf8 38. Rbd1 h5 39. Rf3 g5 40. Rfd3 Rd6 41. d5 e5 42. Rc3 h4 43. Rc7 Kg7 44. Re1 Rb5 45. Re4 Rbb6 46. Ra4 Bd2 47. Raa7 Rf6 48. d6 Rbxd6 49. Bxf7 Ba5 50. Rxa5 Rxf7 51. Rxf7+ Kxf7 52. Rxe5 Kf6 53. Ra5 Rd3 54. a4 Ra3 55. Ra8 1-0

[Event "45th Olympiad 2024"]
[Site "Budapest HUN"]
[Date "2024.09.18"]
[Round "7.50"]
[Board "4"]
[White "Mejias Nunez, Rafael E."]
[Black "Mushore, Emarald Takudzwa"]
[Result "0-1"]
[WhiteElo "2026"]
[BlackElo "2150"]
[PlyCount "158"]
[EventDate "2024.09.11"]
[WhiteTeam "Puerto Rico"]
[BlackTeam "Zimbabwe"]
[WhiteTeamCountry "PUR"]
[BlackTeamCountry "ZIM"]

1. e4 e5 2. Nf3 Nc6 3. Bb5 a6 4. Ba4 Nf6 5. d3 b5 6. Bb3 Be7 7. Nbd2 O-O 8. O-O ({RR} 8. Qe2 d6 9. c3 Na5 10. Bc2 c5 11. Nf1 Nc6 12. Ng3 Re8 13. O-O Bf8 14. h3 Rb8 15. Nh2 b4 16. Ba4 Bd7 17. Bxc6 Bxc6 18. c4 Bd7 19. f4 exf4 20. Bxf4 Be6 21. Qd2 Nd7 22. Nf3 f6 {1-0 Sadler,M (2617)-Kravtsiv,M (2559) Haarlem Nova College op-A 2010 (3)}) 8... Bb7 ({RR} 8... d5 9. exd5 Nxd5 10. c3 Nf4 11. d4 Bg4 12. Ne4 Nd5 13. h3 Bh5 14. Ng3 Bg6 15. dxe5 Nb6 16. Be3 Bd3 17. Re1 Nc4 18. Bxc4 bxc4 19. Bd4 Nxd4 20. cxd4 Bb4 21. Re3 c5 22. a3 cxd4 23. Rxd3 {1-0 Cotes Ontibon,A (1319)-Olaya,H (1489) COL-ch U16 Villavicencio 2022 (3)}) 9. a4 h6 $146 ({RR} 9... d5 10. Re1 dxe4 11. dxe4 Bd6 12. c3 Na5 13. Bc2 c5 14. Nf1 Re8 15. Ng3 Bc8 16. h3 c4 17. Nf5 Bxf5 18. exf5 Qc7 19. Bg5 Nd7 20. axb5 axb5 21. Qd5 Nc5 22. f6 g6 23. Nh2 e4 24. Ng4 {1-0 Pilarska,C (2150)-Zimny,J (2060) POL-chT 2nd League South 1998}) 10. Re1 Re8 11. Nf1 Bf8 12. c3 d5 13. Qe2 Na5 14. Bc2 dxe4 15. dxe4 Nc4 16. Ng3 Nd6 17. h3 c5 18. Nh2 Qc8 19. Ng4 Nxg4 20. hxg4 f6 21. Nf5 c4 22. Bd2 Qc6 23. Qf3 Rad8 24. axb5 axb5 25. Nxd6 Rxd6 26. Be3 Red8 27. Qe2 Bc8 28. Ra7 Be6 29. Rea1 Qc8 30. f3 R6d7 31. Rxd7 Rxd7 32. Rd1 Qd8 33. Rxd7 Qxd7 34. Qd2 Qxd2 35. Bxd2 Bc5+ 36. Kf1 Kf7 37. Ke2 Ke7 38. Bd1 Kd7 39. Bc2 Kc6 40. Bd1 Kb7 41. Bc2 Ka6 42. Be3 Bd6 43. Bd2 Ka5 44. Be1 b4 45. cxb4+ Bxb4 46. Bxb4+ Kxb4 47. Kd2 Bd7 48. Bd1 Ba4 49. Be2 g6 50. g3 g5 51. Ke3 Bb5 52. Bd1 c3 53. bxc3+ Kxc3 54. f4 Bd7 55. Be2 Kc2 56. f5 Ba4 57. Ba6 Kc3 58. Be2 Bb3 59. Bf3 Bc4 60. Bd1 Bb5 61. Bf3 Kc2 62. Bg2 Kd1 63. Bh1 Be2 64. Bg2 Ke1 65. Bh3 Kd1 66. Bg2 Bxg4 67. Bf1 Ke1 68. Bb5 h5 69. Bc4 h4 70. gxh4 gxh4 71. Be2 Bh3 72. Bf3 Bf1 73. Bh1 Be2 74. Bg2 Bg4 75. Bh1 h3 76. Bf3 h2 77. Bg2 Be2 78. Bh1 Kf1 79. Kd2 Kf2 0-1

[Event "45th Olympiad 2024"]
[Site "Budapest HUN"]
[Date "2024.09.18"]
[Round "7.51"]
[Board "1"]
[White "Allam, Mohamed"]
[Black "Miguel, Sergio"]
[Result "0-1"]
[WhiteElo "2053"]
[BlackElo "2241"]
[PlyCount "114"]
[EventDate "2024.09.11"]
[WhiteTeam "Palestine"]
[BlackTeam "Angola"]
[WhiteTeamCountry "PLE"]
[BlackTeamCountry "ANG"]

1. d4 Nf6 2. c4 e6 3. Nc3 Bb4 4. e3 O-O 5. a3 Bxc3+ 6. bxc3 b6 7. Bd3 Bb7 8. f3 Nc6 9. e4 ({RR} 9. Ne2 Na5 10. e4 Ne8 11. Ng3 Ba6 12. Qe2 c5 13. d5 e5 14. Nf5 g6 15. Nh6+ Kh8 16. Ng4 f6 17. Bh6 Rf7 18. O-O Nd6 19. f4 Qe7 20. h4 exf4 21. e5 Bxc4 22. Rae1 Bxd3 23. Qxd3 c4 {1-0 Hakobyan,A (2616)-Alekseenko,K (2650) Chessable Masters Play-In 2024 (6)}) 9... e5 10. Ne2 d6 11. Bg5 Nb8 $146 ({RR} 11... Na5 12. O-O c5 13. f4 h6 14. fxe5 hxg5 15. exf6 Re8 16. Ng3 g6 17. Qg4 Re6 18. Qxg5 cxd4 19. cxd4 Nb3 20. e5 dxe5 21. Bxg6 Qxd4+ 22. Kh1 fxg6 23. Qxg6+ Kf8 24. Qg7+ Ke8 25. f7+ Kd7 26. f8=Q+ {1-0 Goedel,R (2069)-Siebert,J (1920) Regionalliga SO 1415 2014 (9.6)}) ({RR} 11... h6 12. Bh4 Re8 13. O-O Na5 14. Qc2 Ba6 15. f4 exf4 16. Bxf6 Qxf6 17. Nxf4 Bxc4 18. Bxc4 Nxc4 19. Nd5 Qd8 20. Qe2 b5 21. Qh5 Qd7 22. Rf6 Re6 23. Raf1 Rf8 24. Qf5 Nb6 25. Rxe6 {1-0 Marches Rios,J (2325)-Castaner Harster,X (2195) Catalunya-chT 2004 (8)}) ({RR} 11... Qe7 12. O-O h6 13. Bh4 g5 14. Bf2 Nh5 15. Qc2 Na5 16. c5 dxc5 17. dxc5 Rfd8 18. Rfd1 Bc8 19. c4 Be6 20. Qc3 f6 21. Rab1 Nb7 22. cxb6 cxb6 23. Qb4 {½-½ Rahul,S (2458)-Martinovici,I (2408) Cattolica Grandiscacchi op 2nd 2022 (8)}) 12. Ng3 h6 13. Be3 Re8 14. Qd2 Nh7 15. O-O Nd7 16. f4 Ndf6 17. fxe5 dxe5 18. d5 Ng4 19. Nf5 Bc8 20. c5 Bxf5 21. Rxf5 Nxe3 22. Qxe3 Qe7 23. Bb5 Red8 24. cxb6 axb6 25. a4 Nf8 26. Raf1 f6 27. Qg3 Kh7 28. h4 Nd7 29. h5 Nc5 30. Ra1 Kh8 31. Bc6 Nxe4 32. Qg4 Nd6 33. Rf3 Ra5 34. Qe6 Qxe6 35. dxe6 e4 36. e7 Rg8 37. Re3 f5 38. g4 fxg4 39. Rxe4 Nxe4 40. e8=Q Rxe8 41. Bxe8 Nf6 42. Bg6 Kg8 43. Kg2 Nxh5 44. Rf1 Nf6 45. Rd1 Rd5 46. Re1 Rg5 47. Bc2 Kf7 48. Bb3+ Kf8 49. Re3 h5 50. Rd3 h4 51. Bd1 Rd5 52. Rxd5 Nxd5 53. Kh2 Nxc3 54. Bxg4 Nxa4 55. Kh3 g5 56. Bd7 Nc3 57. Kg4 Ke7 0-1